Представление документа в формате RUSMARC

ПолеНазваниеЗначение
  Тип записи a
  Библиографический уровень m
001 Контрольный номер UONB/MAIN/4c70ae00beb241da8c5f408ca66d913f
005 Дата корректировки 20260408125841.3
100 Данные общей обработки __
a Данные общей обработки 20260408g19611963u u0rusy0189 ca
101 Язык документа 0_
a Язык текста rus
102 Страна публикации __
a Страна публикации RU
105 Кодированные данные (монография) __
a Кодированные данные (монография) a z 000yy
200 Заглавие и сведения об ответственности 1_
a Заглавие Монотип. Устройство и эксплуатация буквоотливных наборных машин
e Сведения, относящиеся к заглавию в 2 книгах
f Первые сведения об ответственности М. В. Шульмейстер
203 Вид содержания и тип средства __
a Вид содержания Текст
b Характеристика содержания визуальный
c Тип средства непосредственный
210 Выходные данные 1_
a Место издания Москва
c Издательство Искусство
d Дата издания 1961-1963
215 Физическое описание __
d Формат 22 см
517 Другие варианты заглавия 1_
a Другие варианты заглавия Устройство и эксплуатация буквоотливных наборных машин
700 Автор _1
a Фамилия Шульмейстер
b Имя (инициалы) М. В.
g Полное личное имя Моисей Владимирович
801 Источник записи _0
a Страна RU
b Организация Ульяновская ОНБ
c Дата составления 20260408
g Правила каталогизации RCR
801 Источник записи _1
a Страна RU
b Организация Ульяновская ОНБ
c Дата составления 20260408
g Правила каталогизации RCR
901 Тип документа __
t Тип документа v
909 Создатель записи __
a Создатель записи Горбункова
b Дата создания записи 20260408